1195 1183 1864 1682 1283 1710 1335 1753 1431 1804 1872 1365 1088 1539 1342 1642 1501 1161 1450 1927 1795 1450 1569 1341 1192 1134 1533 1548 1975 1931 1034 1853 1399 1900 1858 1582 1462 1783 1236 1031 1268 1492 1664 1423 1127 1954 1927 1697 1821 1174 1423 1331 1790 1916 1238 1455 1112 1307 1988 1414 1083 1277 1175 1335 1571 1674 1266 1879 1119 1082 1742 1864 1484 1630 1902 1588 1413 1996 1839 1584 1841 1404 1262 1163 1078 1740 1783 1674 1775 1740 1348 1661 1191 1349 1988 1441 1190 1936 1128 BCNSPRNW ULIB Ver.6.0+V

เปลี่ยนเป็นภาษาไทย

Change to English
 แสดงรายละเอียดบรรณานุกรม
  กลับหน้าหลัก

Brief Record : Get Marc (ISO 2709) : E-mail record : QR code < ปิดหน้าต่าง
LEADER : 00000nam 2200000uu 4500
001    13399123131
003     ULIB
008    140330s2552||||th 000 0 tha d
020    ^a9786115020133
090    ^aนว.^bม946พ 2552
100 0  ^aโมริสา
245 00 ^aพยัคฆ์ร้ายในสายหมอก/^cโมริสา
260    ^aกรุงเทพฯ :^bSugarBeat,^c2552
300    ^a 327 หน้า
945    ^p220^l0^i027755
999    ^aเกษร โพธิ์สุวรรณ
รายการนี้ยังไม่มีแท็ก
คุณยังไม่ได้ล็อกอิน คุณสามารถมีกิจกรรมร่วมกับเว็บไซต์ได้ แต่ต้องล็อกอินก่อน ::
  ล็อกอิน

รายการสื่อสารสนเทศ

ลำดับที่ ประเภท เลขเรียก/บาร์โค้ด สถานที่ สถานะ
1. นวนิยาย
นวนิยาย
นว. ม946พ 2552  
  Barcode: 027755
ห้องสมุดวิทยาเขตสวรรค์ประชารักษ์
►วิจัย
บนชั้น

BibComment


ยังไม่เคยถูกคอมเมนท์

คอมเมนท์ทรัพยากรรายการนี้
  คอมเมนท์: พยัคฆ์ร้ายในสายห..


 Copyright 2026. Bcnsprnw @Library